000 00940pam a2200301 i 4500
001 29633
003 BD-RjUL
005 20211209051434.0
008 140406s1979 nyu b 000 0 eng d
020 _a0689109369
035 _a(BD-RjUL) 29718
040 _aDLC
_cDLC
_dDLC
_dBD-RjUL
_beng
041 _aeng
082 0 0 _a618.928900240431
_bGOT 1979
100 1 _aGoldstein, Stanley,
_d1939-
_990285
245 1 0 _aTroubled children/troubled parents :
_bthe way out /
_cby Stanley Goldstein.
250 _a1st ed.
260 _aNew York :
_bAtheneum,
_c1979.
300 _axiv, 209 p. ;
_c21 cm.
504 _aIncludes bibliographical references.
650 0 _aEmotional problems of children.
_990286
650 0 _aParent and child.
_990287
650 0 _aMentally ill children.
_990288
650 0 _aChild psychotherapy
_xResidential treatment.
_916009
942 _2ddc
_cBK
999 _c29633
_d29633